स्वातंत्र्यलढा आणि संस्थाने (Record no. 370093)

MARC details
000 -LEADER
fixed length control field 04409 a2200145 4500
003 - CONTROL NUMBER IDENTIFIER
control field OSt
005 - DATE AND TIME OF LATEST TRANSACTION
control field 20260213145652.0
008 - FIXED-LENGTH DATA ELEMENTS--GENERAL INFORMATION
fixed length control field 260213b |||||||| |||| 00| 0 eng d
100 ## - MAIN ENTRY--PERSONAL NAME
Personal name तेलंग वि.
9 (RLIN) 216737
245 ## - TITLE STATEMENT
Title स्वातंत्र्यलढा आणि संस्थाने
260 ## - PUBLICATION, DISTRIBUTION, ETC. (IMPRINT)
Name of publisher, distributor, etc. भारतीय विचार साधना प्रकाशन
Date of publication, distribution, etc. 2022
Place of publication, distribution, etc. पुणे
300 ## - PHYSICAL DESCRIPTION
Extent 72pp.
520 ## - SUMMARY, ETC.
Summary, etc. भारतीय स्वातंत्र्यलढा (१८५७-१९४७) हा ब्रिटिशांच्या वसाहतवादी राजवटीविरुद्धचा एक प्रदीर्घ संघर्ष होता, ज्यामध्ये गांधीजींच्या अहिंसक चळवळी (असहकार, सविनय कायदेभंग) आणि क्रांतिकारक गटांनी मोलाची भूमिका बजावली. या काळात ६५० हून अधिक संस्थाने होती, ज्यांनी स्वातंत्र्यानंतर सरदार पटेलांच्या मुत्सद्दीपणामुळे भारतात विलीन होऊन आधुनिक भारताच्या जडणघडणीत योगदान दिले [२, ६, ९]। <br/>स्वातंत्र्यलढ्यातील प्रमुख पैलू:<br/>प्रारंभिक टप्पा: १८८५ मध्ये काँग्रेसची स्थापना आणि मवाळ नेत्यांचे घटनात्मक मार्गांनी प्रयत्न [२]।<br/>गांधी युग: १९२० नंतर महात्मा गांधींच्या नेतृत्वाखाली अहिंसक सविनय कायदेभंग आणि असहकार चळवळ [२, ३]।<br/>क्रांतिकारक चळवळ: भगतसिंग, राजगुरु, सुखदेव यांसारख्या वीरांनी सशस्त्र संघर्ष केला [७]।<br/>महत्त्वाच्या चळवळी: १९२० ची असहकार, १९३० चा सविनय कायदेभंग आणि १९४२ ची 'भारत छोडो' आंदोलन [१, ११]। <br/>संस्थाने आणि विलीनीकरण:<br/>स्थिती: १५ ऑगस्ट १९४७ पूर्वी, भारत हा ब्रिटिशांचा थेट भाग आणि संस्थानिक (राजे-रजवाडे) अशा दोन भागांत विभागलेला होता [६]।<br/>समस्या: स्वातंत्र्यानंतर संस्थानांना स्वतंत्र राहण्याचा किंवा भारतात सामील होण्याचा पर्याय होता [६]।<br/>विलीनीकरण: सरदार वल्लभभाई पटेल आणि व्ही.पी. मेनन यांनी ६५० हून अधिक संस्थानांना (उदा. बडोदा, जयपूर, कोल्हापूर) मुत्सद्दीपणाने स्वतंत्र भारतात विलीन केले [५, ६]।<br/>संघर्ष: जुनागढ, हैदराबाद आणि काश्मीर या संस्थानांचे विलीनीकरण कठीण होते, ज्यासाठी लष्करी हस्तक्षेप किंवा जनमत घ्यावे लागले [६]। <br/>स्वातंत्र्य आंदोलनामुळे १५ ऑगस्ट १९४७ रोजी भारत ब्रिटिशांच्या गुलामगिरीतून मुक्त झाला आणि त्यानंतर संस्थानांच्या विलीनीकरणाने भारताची भौगोलिक एकता साधली गेली. <br/>
942 ## - ADDED ENTRY ELEMENTS (KOHA)
Koha item type Books
Source of classification or shelving scheme Dewey Decimal Classification
Holdings
Withdrawn status Lost status Source of classification or shelving scheme Damaged status Not for loan Collection code Home library Current library Date acquired Vendor Cost, normal purchase price Total Checkouts Barcode Date last seen Cost, replacement price Bill Date Koha item type Original Barcode
    Dewey Decimal Classification     MCA MKSSS s K.B. Joshi Institute of Information Technology Library MKSSS s K.B. Joshi Institute of Information Technology Library 03/02/2026 188 49.00   KBJP-BK-2954 03/02/2026 70.00 03/02/2026 Books 2954